[Event "Obert Figueres Miquel Mas 2011"]
[Site "Figueres ESP"]
[Date "2011.08.13"]
[Round "3.23"]
[White "Loubet, Jean-Pierre"]
[Black "Falgueras Marti, Carles"]
[Result "1-0"]
[WhiteElo "1713"]
[BlackElo "2009"]
[PlyCount "79"]
[EventDate "2011.08.11"]
[EventType "swiss"]
[EventRounds "9"]
[EventCountry "ESP"]
[Source "lmi"]
[SourceDate "2011.08.11"]

1. e4 c6 2. d4 d5 3. e5 Bf5 4. Nf3 e6 5. Bf4 Qb6 6. Qc1 c5 7. c3 Nc6 8. Qd2 Bg4
9. dxc5 Bxc5 10. b4 Nxb4 11. cxb4 Bxb4 12. Nc3 Qa5 13. Bb5+ Kf8 14. Rc1 Rc8 15.
O-O Bxf3 16. Nxd5 Rxc1 17. Qxc1 Qxb5 18. Nxb4 Bc6 19. Qd2 Bd5 20. Rc1 Ne7 21.
Rc7 Ke8 22. Be3 Kd8 23. Rc5 Qd7 24. Bg5 Ke8 25. h4 b6 26. Rc1 h6 27. Bxe7 Kxe7
28. Nxd5+ exd5 29. Qb4+ Kd8 30. Rd1 Re8 31. f4 Qc6 32. Qe4 Qc5+ 33. Kh1 Ke7 34.
Rxd5 Qc1+ 35. Kh2 Rd8 36. Qb4+ Ke8 37. Rxd8+ Kxd8 38. Qf8+ Kd7 39. Qxf7+ Kd8
40. e6 1-0

[Event "Obert Figueres Miquel Mas 2011"]
[Site "Figueres ESP"]
[Date "2011.08.13"]
[Round "3.25"]
[White "Romero Isado, Jose Luis"]
[Black "Guzman Maglaya, Noli"]
[Result "1-0"]
[WhiteElo "1693"]
[BlackElo "1977"]
[PlyCount "87"]
[EventDate "2011.08.11"]
[EventType "swiss"]
[EventRounds "9"]
[EventCountry "ESP"]
[Source "lmi"]
[SourceDate "2011.08.11"]

1. e4 c5 2. Nf3 d6 3. d4 cxd4 4. Nxd4 Nf6 5. Nc3 a6 6. Bg5 e6 7. Bd3 Nc6 8. Nf3
Be7 9. O-O O-O 10. a3 h6 11. Bh4 b5 12. Nd2 Bb7 13. f4 Nd7 14. Bf2 Nc5 15. Be2
Bf6 16. Nb3 Nxb3 17. cxb3 Na5 18. Bf3 Rc8 19. Rc1 Nc6 20. b4 Ne7 21. Qd3 Bxc3
22. Rxc3 Rxc3 23. Qxc3 f5 24. Qb3 Qd7 25. exf5 Bxf3 26. fxe6 Bd5 27. Qxd5 Qc7
28. Qd4 Qc6 29. Qa7 Nd5 30. Bd4 Nc7 31. f5 Ra8 32. Qb6 Qxb6 33. Bxb6 Nd5 34.
Bd4 Rc8 35. Rd1 Rc2 36. g3 Ne7 37. f6 gxf6 38. Bxf6 Nf5 39. g4 Ne3 40. Rxd6
Rg2+ 41. Kh1 Rf2 42. h3 Rxf6 43. Rd8+ Kg7 44. e7 1-0

[Event "Obert Figueres Miquel Mas 2011"]
[Site "Figueres ESP"]
[Date "2011.08.13"]
[Round "3.26"]
[White "Adrian, Louise"]
[Black "Lazaro Porta, Angel"]
[Result "1-0"]
[WhiteElo "1365"]
[BlackElo "1970"]
[PlyCount "87"]
[EventDate "2011.08.11"]
[EventType "swiss"]
[EventRounds "9"]
[EventCountry "ESP"]
[Source "lmi"]
[SourceDate "2011.08.11"]

1. e4 e5 2. Nc3 Nf6 3. f4 d5 4. fxe5 Nxe4 5. d3 Qh4+ 6. g3 Nxg3 7. Nf3 Qh5 8.
Nxd5 Na6 9. Nf4 Qh6 10. Ne2 Nxh1 11. Bxh6 gxh6 12. Bg2 Nf2 13. Kxf2 Bg4 14. Qd2
O-O-O 15. Kg1 Rg8 16. Kh1 Nc5 17. Qa5 Kb8 18. Rg1 Rg6 19. b4 Ra6 20. Qb5 Rb6
21. Qc4 Rxb4 22. Qxf7 Be6 23. Qf6 Re8 24. Nfd4 Bxa2 25. Rf1 Be7 26. Qxh6 Rb6
27. Qxh7 a6 28. Bf3 Bd8 29. Nf4 Rb4 30. Nde2 Ra4 31. Nd5 Bxd5 32. Bxd5 Rh4 33.
Qg7 Be7 34. Nf4 c6 35. Ba2 Bd8 36. Ng6 Rg4 37. Rg1 Ra4 38. Bf7 Re7 39. Nxe7
Bxe7 40. Qg8+ Ka7 41. e6 Bf6 42. Re1 Bc3 43. Rf1 Rh4 44. e7 1-0

[Event "Obert Figueres Miquel Mas 2011"]
[Site "Figueres ESP"]
[Date "2011.08.13"]
[Round "3.27"]
[White "Toste Nieto, Alexandre"]
[Black "Ragueneau, Yann Klemens"]
[Result "1-0"]
[WhiteElo "1964"]
[BlackElo "1414"]
[PlyCount "57"]
[EventDate "2011.08.11"]
[EventType "swiss"]
[EventRounds "9"]
[EventCountry "ESP"]
[Source "lmi"]
[SourceDate "2011.08.11"]

1. e4 d6 2. d4 Nf6 3. Nc3 g6 4. Nf3 Bg7 5. Be3 Nbd7 6. h3 Nb6 7. Qd2 O-O 8. Bd3
d5 9. e5 Ne8 10. O-O c6 11. b3 Be6 12. Ng5 Nc7 13. f4 Bf5 14. Bxf5 gxf5 15. Qd3
e6 16. Ne2 f6 17. Nf3 fxe5 18. fxe5 Qd7 19. Nf4 Kh8 20. Qe2 Rg8 21. Nh5 Raf8
22. Qf2 Nc8 23. Bg5 Ne8 24. Qh4 Qf7 25. Bd2 Qe7 26. Qxe7 Nxe7 27. Bb4 Ng6 28.
Bxf8 Bxf8 29. Ng5 1-0

[Event "Obert Figueres Miquel Mas 2011"]
[Site "Figueres ESP"]
[Date "2011.08.13"]
[Round "3.29"]
[White "Diaz Comas, Jordi"]
[Black "Rivera Hernandez, Josep Joan"]
[Result "1-0"]
[WhiteElo "1923"]
[BlackElo "1920"]
[PlyCount "65"]
[EventDate "2011.08.11"]
[EventType "swiss"]
[EventRounds "9"]
[EventCountry "ESP"]
[Source "lmi"]
[SourceDate "2011.08.11"]

1. d4 d5 2. c4 e6 3. g3 Nf6 4. Bg2 c6 5. Nf3 Nbd7 6. Qc2 Bd6 7. O-O O-O 8. b3
c5 9. Ba3 b6 10. Nc3 dxc4 11. bxc4 Bb7 12. Rfd1 Rc8 13. e4 Be7 14. d5 exd5 15.
exd5 Bd6 16. Bb2 a6 17. a4 Re8 18. Re1 Qc7 19. Bh3 Rcd8 20. Ng5 h6 21. Nge4 Be5
22. Re2 Bd4 23. Rae1 Nxe4 24. Nxe4 Ne5 25. Nd2 Bxd5 26. cxd5 Rxd5 27. Bg2 Rd7
28. Bxd4 Rxd4 29. f4 Red8 30. fxe5 Qd7 31. Nc4 Qe6 32. Nd6 Qd7 33. Re4 1-0

[Event "Obert Figueres Miquel Mas 2011"]
[Site "Figueres ESP"]
[Date "2011.08.13"]
[Round "3.35"]
[White "Padrosa Baro, Carles"]
[Black "Garcia Castany, Jose"]
[Result "1-0"]
[WhiteElo "1829"]
[BlackElo "1438"]
[PlyCount "51"]
[EventDate "2011.08.11"]
[EventType "swiss"]
[EventRounds "9"]
[EventCountry "ESP"]
[Source "lmi"]
[SourceDate "2011.08.11"]

1. e4 c5 2. Nf3 d6 3. d4 cxd4 4. Nxd4 Nf6 5. Nc3 a6 6. Bc4 e6 7. Bb3 Be7 8. O-O
Nc6 9. Be3 O-O 10. Qe2 Qc7 11. f4 Na5 12. f5 Nxb3 13. cxb3 e5 14. Nc2 Bd7 15.
Nb4 Bc6 16. Nxc6 Qxc6 17. Qf3 Rfe8 18. g4 Rac8 19. g5 Nd7 20. Rac1 Nc5 21. Nd5
Qd7 22. Nb6 Qc6 23. Nxc8 Rxc8 24. f6 Bd8 25. b4 Qxe4 26. Qxe4 1-0

[Event "Obert Figueres Miquel Mas 2011"]
[Site "Figueres ESP"]
[Date "2011.08.13"]
[Round "3.36"]
[White "Vilanova Olmedo, Ignaci"]
[Black "Perez Mondejar, Adler"]
[Result "1-0"]
[WhiteElo "1762"]
[BlackElo "1348"]
[PlyCount "63"]
[EventDate "2011.08.11"]
[EventType "swiss"]
[EventRounds "9"]
[EventCountry "ESP"]
[Source "lmi"]
[SourceDate "2011.08.11"]

1. e4 c5 2. Nf3 d6 3. d4 cxd4 4. Nxd4 Nf6 5. Nc3 a6 6. Be3 e5 7. Nb3 Be7 8. Be2
O-O 9. O-O Nc6 10. Kh1 b5 11. f3 Ne8 12. Nd5 f5 13. exf5 Bxf5 14. c4 bxc4 15.
Bxc4 Kh8 16. Rc1 Bg5 17. f4 exf4 18. Bxf4 Bxf4 19. Rxf4 Nc7 20. Qf1 g6 21. Nxc7
Qxc7 22. Bd5 Qd8 23. Rxc6 Qe7 24. Rc1 Rad8 25. Re1 Qg7 26. Nd4 Rde8 27. Ne6
Bxe6 28. Rxe6 Rd8 29. Ref6 Rxf6 30. Rxf6 Qe7 31. Rf7 Qe8 32. Qf6+ 1-0

[Event "Obert Figueres Miquel Mas 2011"]
[Site "Figueres ESP"]
[Date "2011.08.13"]
[Round "3.37"]
[White "Lopez, Charles"]
[Black "Pruja Ramirez De C., Eduardo"]
[Result "0-1"]
[WhiteElo "1395"]
[BlackElo "1735"]
[PlyCount "64"]
[EventDate "2011.08.11"]
[EventType "swiss"]
[EventRounds "9"]
[EventCountry "ESP"]
[Source "lmi"]
[SourceDate "2011.08.11"]

1. e4 c5 2. c3 g6 3. Nf3 Bg7 4. Bc4 Nc6 5. a3 d6 6. O-O Nf6 7. d3 O-O 8. Nbd2
Bg4 9. h3 Bd7 10. Re1 Qc7 11. Nf1 Rab8 12. Bf4 b5 13. Ba2 b4 14. e5 Nh5 15.
exd6 exd6 16. Bd2 bxa3 17. b3 d5 18. Qc1 Qa5 19. c4 Nb4 20. Bxb4 cxb4 21. d4
dxc4 22. bxc4 b3 23. Bxb3 Rxb3 24. Ra2 Rfb8 25. Qa1 Qb4 26. N1d2 Rb2 27. Rd1
Rxa2 28. Qxa2 Qb2 29. Qxb2 Rxb2 30. Ne5 Bxe5 31. dxe5 Ba4 32. Ra1 a2 0-1

[Event "Obert Figueres Miquel Mas 2011"]
[Site "Figueres ESP"]
[Date "2011.08.13"]
[Round "3.38"]
[White "Febrero Perez, Lluis"]
[Black "Vega Benitez, Oscar"]
[Result "1-0"]
[WhiteElo "1658"]
[BlackElo "1200"]
[PlyCount "57"]
[EventDate "2011.08.11"]
[EventType "swiss"]
[EventRounds "9"]
[EventCountry "ESP"]
[Source "lmi"]
[SourceDate "2011.08.11"]

1. e4 e5 2. Nf3 Nc6 3. d4 exd4 4. Nxd4 Nf6 5. Nxc6 bxc6 6. Bd3 d5 7. Nc3 Bb4 8.
Qe2 O-O 9. Bd2 Re8 10. O-O-O Be6 11. e5 Bc8 12. a3 Bd6 13. Bf4 Ng4 14. Bxh7+
Kxh7 15. Qd3+ Kg8 16. exd6 Nxf2 17. Qg3 Nxh1 18. dxc7 Qf6 19. Rxh1 a5 20. h4
Ra7 21. h5 Rb7 22. h6 g6 23. h7+ Kh8 24. Qh2 Qd4 25. Rd1 Qb6 26. Be5+ Rxe5 27.
Qxe5+ Kxh7 28. Rh1+ Kg8 29. Rh8# 1-0

[Event "Obert Figueres Miquel Mas 2011"]
[Site "Figueres ESP"]
[Date "2011.08.14"]
[Round "4.1"]
[White "Vishnu, Prasanna  V"]
[Black "Aroshidze, Levan"]
[Result "1/2-1/2"]
[WhiteElo "2340"]
[BlackElo "2539"]
[PlyCount "53"]
[EventDate "2011.08.11"]
[EventType "swiss"]
[EventRounds "9"]
[EventCountry "ESP"]
[Source "lmi"]
[SourceDate "2011.08.11"]

1. Nf3 c5 2. c4 Nf6 3. g3 b6 4. Bg2 Bb7 5. O-O e6 6. Nc3 a6 7. Re1 d6 8. e4 Be7
9. d4 cxd4 10. Nxd4 Qc7 11. Be3 O-O 12. Rc1 Nbd7 13. Nd5 exd5 14. cxd5 Qd8 15.
Nc6 Bxc6 16. dxc6 Nc5 17. c7 Qc8 18. b4 Ncxe4 19. Bd4 Ra7 20. Qc2 d5 21. Bh3
Qxh3 22. c8=Q Rxc8 23. Qxc8+ Qxc8 24. Rxc8+ Bf8 25. Bxb6 Rb7 26. Bc5 Nd7 27.
Rc1 1/2-1/2

[Event "Obert Figueres Miquel Mas 2011"]
[Site "Figueres ESP"]
[Date "2011.08.14"]
[Round "4.2"]
[White "Cuadras Avellana, Jorge"]
[Black "Martinez, Duanny Lelys Stanle"]
[Result "1/2-1/2"]
[WhiteElo "2304"]
[BlackElo "2455"]
[PlyCount "86"]
[EventDate "2011.08.11"]
[EventType "swiss"]
[EventRounds "9"]
[EventCountry "ESP"]
[Source "lmi"]
[SourceDate "2011.08.11"]

1. e4 c5 2. Nf3 Nc6 3. d4 cxd4 4. Nxd4 g6 5. c4 Bg7 6. Be3 Nf6 7. Nc3 O-O 8.
Be2 d6 9. O-O Bd7 10. Qd2 Nxd4 11. Bxd4 Bc6 12. f3 a5 13. b3 Nd7 14. Be3 Nc5
15. Rab1 Qb6 16. Rfc1 Rfc8 17. Kh1 Qd8 18. Bf1 Be5 19. Rc2 e6 20. Bg5 Qf8 21.
Bh6 Qe7 22. Bg5 f6 23. Bf4 Rd8 24. Rd1 Rd7 25. Qe3 Rad8 26. Rcd2 b6 27. Ne2 g5
28. Bg3 Qg7 29. a3 f5 30. Bxe5 dxe5 31. Rxd7 Rxd7 32. Rxd7 Nxd7 33. exf5 exf5
34. b4 f4 35. Qd3 axb4 36. axb4 Qe7 37. Qb1 Qe6 38. Nc3 g4 39. Ne4 gxf3 40.
gxf3 Nf6 41. Ng5 Qe7 42. Bd3 h6 43. Ne4 Kf8 1/2-1/2

[Event "Obert Figueres Miquel Mas 2011"]
[Site "Figueres ESP"]
[Date "2011.08.14"]
[Round "4.3"]
[White "Adrian, Claude"]
[Black "Lorenzo De La Riva, Lazaro"]
[Result "1-0"]
[WhiteElo "2291"]
[BlackElo "2391"]
[PlyCount "99"]
[EventDate "2011.08.11"]
[EventType "swiss"]
[EventRounds "9"]
[EventCountry "ESP"]
[Source "lmi"]
[SourceDate "2011.08.11"]

1. c4 g6 2. Nf3 Bg7 3. d4 c5 4. e4 Qa5+ 5. Nc3 Nc6 6. Be3 d6 7. h3 cxd4 8. Nxd4
Nxd4 9. Bxd4 Bxd4 10. Qxd4 Nf6 11. Bd3 O-O 12. O-O Re8 13. Rae1 Nd7 14. Nd5 Qd8
15. f4 e6 16. Ne3 Qb6 17. Qc3 f5 18. Kh1 Rf8 19. exf5 gxf5 20. Bxf5 Nf6 21. Ng4
Nxg4 22. Bxg4 e5 23. Bxc8 Raxc8 24. fxe5 dxe5 25. Rxf8+ Rxf8 26. Qg3+ Qg6 27.
Qxg6+ hxg6 28. Rxe5 Rf2 29. Rb5 b6 30. a4 Rc2 31. b3 Rc3 32. Kg1 Kf7 33. a5
bxa5 34. Rxa5 Rxb3 35. Rxa7+ Ke6 36. Kf2 Rc3 37. Rc7 Rc2+ 38. Kf3 Kf5 39. Rc5+
Kf6 40. h4 Rc1 41. g3 Rd1 42. Rg5 Rc1 43. c5 Rc2 44. Rd5 Rc1 45. Ke4 Rc4+ 46.
Kd3 Ra4 47. c6 Ra7 48. Kc4 Ra1 49. Kc5 Ke6 50. Rg5 1-0

[Event "Obert Figueres Miquel Mas 2011"]
[Site "Figueres ESP"]
[Date "2011.08.14"]
[Round "4.5"]
[White "Anikaev, Yuri N"]
[Black "Campo Echevarria, Juan Francisc"]
[Result "1-0"]
[WhiteElo "2438"]
[BlackElo "2112"]
[PlyCount "65"]
[EventDate "2011.08.11"]
[EventType "swiss"]
[EventRounds "9"]
[EventCountry "ESP"]
[Source "lmi"]
[SourceDate "2011.08.11"]

1. Nf3 d5 2. c4 c6 3. e3 Nf6 4. Nc3 g6 5. d4 Bg7 6. h3 O-O 7. Bd3 dxc4 8. Bxc4
Nfd7 9. O-O e5 10. Re1 Nb6 11. Bb3 N8d7 12. a3 Re8 13. e4 h6 14. Nxe5 Nxe5 15.
dxe5 Qh4 16. Qf3 Be6 17. Bxe6 Rxe6 18. Bf4 Bxe5 19. Bxe5 Rxe5 20. Rad1 Rae8 21.
Qe3 R5e7 22. Qc5 Re5 23. Qe3 R5e7 24. Qc5 Re5 25. Qd4 R5e7 26. Qb4 Kg7 27. Re3
Qh5 28. f4 Qh4 29. Rf3 Qf6 30. f5 g5 31. Rd6 c5 32. Qxc5 Nd7 33. Qd5 1-0

[Event "Obert Figueres Miquel Mas 2011"]
[Site "Figueres ESP"]
[Date "2011.08.14"]
[Round "4.6"]
[White "Sabria Batlle, Pol"]
[Black "Houriez, Clement"]
[Result "0-1"]
[WhiteElo "2209"]
[BlackElo "2328"]
[PlyCount "82"]
[EventDate "2011.08.11"]
[EventType "swiss"]
[EventRounds "9"]
[EventCountry "ESP"]
[Source "lmi"]
[SourceDate "2011.08.11"]

1. e4 c5 2. Nf3 d6 3. d4 Nf6 4. Nc3 cxd4 5. Nxd4 a6 6. Bc4 e6 7. Bb3 b5 8. O-O
Be7 9. f4 O-O 10. Be3 b4 11. Na4 Bb7 12. e5 Nd5 13. Bxd5 Bxd5 14. Nf5 Nd7 15.
Nxd6 Bxd6 16. exd6 Qb8 17. c3 bxc3 18. Nxc3 Qxd6 19. Nxd5 exd5 20. Bd4 Rfe8 21.
Qg4 f6 22. Rfe1 Nc5 23. Rxe8+ Rxe8 24. Rd1 Ne4 25. Rc1 Qb4 26. Qd1 h6 27. g3
Kh8 28. a3 Qb5 29. b4 a5 30. bxa5 Qxa5 31. Qd3 Rb8 32. Kg2 Qa4 33. Ba1 Qa5 34.
Rd1 Rd8 35. Rb1 Qc5 36. Bd4 Qc6 37. Rb6 Qa4 38. Rb4 Qc6 39. Qb3 Nd2 40. Qc3 Nc4
41. Rb1 Re8 0-1

[Event "Obert Figueres Miquel Mas 2011"]
[Site "Figueres ESP"]
[Date "2011.08.14"]
[Round "4.7"]
[White "Tillet, Louis-Juan"]
[Black "Pruja Ramirez De Cartagena, Marc"]
[Result "1-0"]
[WhiteElo "2204"]
[BlackElo "2269"]
[PlyCount "99"]
[EventDate "2011.08.11"]
[EventType "swiss"]
[EventRounds "9"]
[EventCountry "ESP"]
[Source "lmi"]
[SourceDate "2011.08.11"]

1. e4 d6 2. d4 g6 3. Nc3 Bg7 4. Bc4 Nf6 5. Qe2 O-O 6. e5 Ne8 7. Bf4 c6 8. O-O-O
b5 9. Bd3 Qa5 10. h4 b4 11. Nb1 dxe5 12. dxe5 Nd7 13. Nf3 Nc7 14. Rde1 Ne6 15.
Bd2 c5 16. h5 Bb7 17. hxg6 hxg6 18. Bh6 Bxf3 19. gxf3 Bxe5 20. Bc4 Nf4 21. Qd2
Qc7 22. Rxe5 Qxe5 23. Bxf4 Qf5 24. Bd3 Qe6 25. Re1 Qxa2 26. Rxe7 Nb6 27. Be5
Nc4 28. Qf4 Nxe5 29. Qxe5 Rad8 30. Qxc5 b3 31. Rxa7 Rfe8 32. Re7 bxc2 33. Nc3
Qa8 34. Rxe8+ Rxe8 35. Be4 Qa1+ 36. Kxc2 Rb8 37. b3 Qa6 38. Bd3 Qe6 39. Bc4 Qf6
40. Qd5 Rd8 41. Qe4 Kg7 42. Nd5 Qa1 43. Nc3 Qa7 44. Qe5+ Kh7 45. Qe3 Qb7 46.
Ne4 Qc7 47. Ng5+ Kg7 48. Qc3+ Kf8 49. Nxf7 Rc8 50. Qf6 1-0

[Event "Obert Figueres Miquel Mas 2011"]
[Site "Figueres ESP"]
[Date "2011.08.14"]
[Round "4.8"]
[White "Perez Calahorra, Ricardo"]
[Black "Trigo Urquijo, Sergio"]
[Result "0-1"]
[WhiteElo "2181"]
[BlackElo "2248"]
[PlyCount "114"]
[EventDate "2011.08.11"]
[EventType "swiss"]
[EventRounds "9"]
[EventCountry "ESP"]
[Source "lmi"]
[SourceDate "2011.08.11"]

1. Nf3 Nf6 2. g3 g6 3. Bg2 Bg7 4. d4 O-O 5. O-O d6 6. Re1 c5 7. c3 cxd4 8. Nxd4
d5 9. Qb3 e5 10. Nc2 Nc6 11. Bg5 Na5 12. Qb4 h6 13. Bxf6 Bxf6 14. Ne3 Be6 15.
Rd1 d4 16. cxd4 exd4 17. Nc2 Qb6 18. Qxb6 axb6 19. Nba3 Rfd8 20. Nb4 Be7 21.
Nac2 Rac8 22. b3 Rd7 23. Be4 Rdc7 24. Rd2 f5 25. Bd3 Kf7 26. Rad1 g5 27. f3 h5
28. Kf2 h4 29. Rh1 Bc5 30. Rdd1 Kf6 31. gxh4 gxh4 32. Rhg1 Bd6 33. Kg2 h3+ 34.
Kh1 Bf7 35. Rdf1 Rc3 36. Rb1 Re8 37. Rgd1 Rxd3 38. exd3 Re2 39. Rf1 Rxh2+ 40.
Kg1 Rg2+ 41. Kh1 Rd2 42. Rbd1 Rh2+ 43. Kg1 Rg2+ 44. Kh1 Nc6 45. Nxc6 bxc6 46.
Nxd4 Bd5 47. Rc1 c5 48. Nb5 Bg3 49. Nc3 Bb7 50. Na4 Rh2+ 51. Kg1 Rg2+ 52. Kh1
Bf2 53. Nxb6 Bxf3 54. Nd7+ Kg5 55. Ne5 Rg1+ 56. Kh2 Bg3+ 57. Kxh3 Bg4+ 0-1

[Event "Obert Figueres Miquel Mas 2011"]
[Site "Figueres ESP"]
[Date "2011.08.14"]
[Round "4.9"]
[White "Alvarez, Pedraza Aramis"]
[Black "Temprano Mateos, Luis Jose"]
[Result "1-0"]
[WhiteElo "2551"]
[BlackElo "2010"]
[PlyCount "67"]
[EventDate "2011.08.11"]
[EventType "swiss"]
[EventRounds "9"]
[EventCountry "ESP"]
[Source "lmi"]
[SourceDate "2011.08.11"]

1. d4 d5 2. c4 c6 3. Nf3 Nf6 4. Qc2 g6 5. Bf4 Bg7 6. e3 Bf5 7. Qb3 Bxb1 8. Rxb1
Qb6 9. h3 Qxb3 10. axb3 O-O 11. Be2 Rc8 12. O-O Nbd7 13. Rfd1 Nf8 14. Bh2 Ne6
15. Ne5 Nc7 16. Ra1 Nfe8 17. Ra5 Bxe5 18. Bxe5 e6 19. f3 Rd8 20. Kf2 Rd7 21. g4
f6 22. Bf4 Kf7 23. h4 Ng7 24. Rc1 Nge8 25. Ra4 Re7 26. g5 f5 27. Be5 a6 28. Rh1
Ng7 29. f4 Nh5 30. Rha1 Rd8 31. Rb4 Ne8 32. c5 Red7 33. Rb6 Nc7 34. Rxb7 1-0

[Event "Obert Figueres Miquel Mas 2011"]
[Site "Figueres ESP"]
[Date "2011.08.14"]
[Round "4.10"]
[White "Lillo Castay, Victor"]
[Black "Diaz Comas, Jordi"]
[Result "1-0"]
[WhiteElo "2281"]
[BlackElo "1923"]
[PlyCount "129"]
[EventDate "2011.08.11"]
[EventType "swiss"]
[EventRounds "9"]
[EventCountry "ESP"]
[Source "lmi"]
[SourceDate "2011.08.11"]

1. e4 e6 2. d4 d5 3. Nd2 dxe4 4. Nxe4 Bd7 5. Nf3 Bc6 6. Bd3 Nd7 7. Qe2 Ngf6 8.
Ng3 Be7 9. O-O Bxf3 10. Qxf3 c6 11. b3 O-O 12. Bb2 Qa5 13. a3 Rfe8 14. Rfe1
Rad8 15. Rad1 Qd5 16. Qe2 Nf8 17. Nf1 Ng6 18. g3 Qh5 19. Qe3 Ng4 20. Qf3 Nf6
21. Qg2 Bd6 22. Ne3 Ng4 23. Nc4 Qg5 24. Nxd6 Rxd6 25. h3 Nf6 26. c4 Qa5 27. Qf3
Red8 28. Bc2 Qh5 29. Qg2 Qa5 30. h4 Ne7 31. Qf3 Qh5 32. Qc3 Nf5 33. Bxf5 Qxf5
34. Kg2 h6 35. Re5 Qg6 36. Qb4 R6d7 37. Rde1 Ng4 38. R5e4 Nf6 39. Re5 Ng4 40.
R5e4 Nf6 41. R4e2 Ng4 42. Qa4 a6 43. Qb4 Nf6 44. Qc5 Qd3 45. Re3 Qc2 46. R1e2
Qb1 47. Qb4 Qg6 48. Re1 Qc2 49. R3e2 Qd3 50. Qc3 Qxc3 51. Bxc3 g6 52. f3 Ne8
53. g4 Nc7 54. Kf2 Rc8 55. Rg1 f6 56. f4 Kh7 57. Kf3 Rcd8 58. Rh1 Ne8 59. h5
Rxd4 60. hxg6+ Kxg6 61. Bxd4 Rxd4 62. Ke3 Rd8 63. Reh2 Nd6 64. Rxh6+ Kg7 65.
R6h4 1-0

[Event "Obert Figueres Miquel Mas 2011"]
[Site "Figueres ESP"]
[Date "2011.08.14"]
[Round "4.11"]
[White "Spielmann, Alain"]
[Black "Toste Nieto, Alexandre"]
[Result "1-0"]
[WhiteElo "2266"]
[BlackElo "1964"]
[PlyCount "65"]
[EventDate "2011.08.11"]
[EventType "swiss"]
[EventRounds "9"]
[EventCountry "ESP"]
[Source "lmi"]
[SourceDate "2011.08.11"]

1. Nf3 Nf6 2. c4 g6 3. Nc3 Bg7 4. e4 d6 5. d4 O-O 6. Be2 e5 7. O-O Nc6 8. d5
Ne7 9. b4 Nh5 10. Re1 f5 11. Ng5 Nf4 12. Bxf4 exf4 13. Rc1 Bf6 14. Ne6 Bxe6 15.
dxe6 Bxc3 16. Rxc3 fxe4 17. Bf1 e3 18. fxe3 fxe3 19. Rcxe3 c6 20. Qd2 d5 21. c5
Qc7 22. Re5 Rf6 23. Bd3 a5 24. a3 b6 25. Qh6 axb4 26. Rh5 Nf5 27. Bxf5 Qe7 28.
cxb6 bxa3 29. Rg5 Rxf5 30. Rxf5 gxf5 31. Qe3 a2 32. b7 a1=Q 33. Qg3+ 1-0

[Event "Obert Figueres Miquel Mas 2011"]
[Site "Figueres ESP"]
[Date "2011.08.14"]
[Round "4.12"]
[White "Gonzalez Vericat, Sergio"]
[Black "Medina Masdeu, Rasen"]
[Result "1/2-1/2"]
[WhiteElo "2229"]
[BlackElo "1794"]
[PlyCount "152"]
[EventDate "2011.08.11"]
[EventType "swiss"]
[EventRounds "9"]
[EventCountry "ESP"]
[Source "lmi"]
[SourceDate "2011.08.11"]

1. b3 e5 2. Bb2 Nc6 3. e3 d5 4. Bb5 e4 5. d3 exd3 6. Qxd3 Be6 7. Nf3 a6 8.
Bxc6+ bxc6 9. Nbd2 Nf6 10. O-O Bd6 11. e4 Nh5 12. g3 O-O 13. Nd4 Qd7 14. f4 f6
15. Nxe6 Qxe6 16. f5 Qf7 17. Qf3 Rfe8 18. Rad1 Rad8 19. exd5 cxd5 20. Rde1 c6
21. Bc1 g5 22. fxg6 Qxg6 23. c4 Rf8 24. cxd5 Bc5+ 25. Kh1 cxd5 26. Re6 a5 27.
g4 Ng7 28. Rxf6 Rxf6 29. Qxf6 Qxf6 30. Rxf6 Re8 31. Kg2 Re1 32. Rf1 Re2+ 33.
Kh3 Be3 34. Nf3 Bxc1 35. Rxc1 Rxa2 36. Ng5 Ne8 37. Rc8 Re2 38. Rd8 h6 39. Nf3
Re3 40. Kg3 Kf8 41. Rxd5 Rxb3 42. Rxa5 Kg7 43. Ra7+ Kg6 44. h3 Nf6 45. Ra6 Kg7
46. Ra7+ Kg6 47. h4 Ne4+ 48. Kf4 Nc5 49. Ne5+ Kf6 50. Nd7+ Nxd7 51. Rxd7 Rb4+
52. Kf3 Rb3+ 53. Ke4 Rb4+ 54. Rd4 Rb1 55. Rd6+ Kg7 56. Rd4 Re1+ 57. Kf5 Rf1+
58. Rf4 Ra1 59. Rd4 Ra5+ 60. Ke6 Ra6+ 61. Rd6 Ra1 62. Rd7+ Kg8 63. Kf5 Ra6 64.
Rb7 Rc6 65. Re7 Rc5+ 66. Kg6 Rc6+ 67. Kh5 Ra6 68. Rb7 Rc6 69. Rd7 Ra6 70. Rd8+
Kg7 71. Rd7+ Kg8 72. Re7 Rb6 73. g5 hxg5 74. hxg5 Ra6 75. Re5 Kg7 76. Re7+ Kg8
1/2-1/2

[Event "Obert Figueres Miquel Mas 2011"]
[Site "Figueres ESP"]
[Date "2011.08.14"]
[Round "4.13"]
[White "Casanellas Ruano, Lluis"]
[Black "Martin Fernandez, Santiago"]
[Result "0-1"]
[WhiteElo "2190"]
[BlackElo "1867"]
[PlyCount "86"]
[EventDate "2011.08.11"]
[EventType "swiss"]
[EventRounds "9"]
[EventCountry "ESP"]
[Source "lmi"]
[SourceDate "2011.08.11"]

1. c4 Nf6 2. Nc3 c5 3. g3 e6 4. Bg2 a6 5. e4 Qc7 6. Nge2 d6 7. O-O Be7 8. d3
O-O 9. h3 Nc6 10. Be3 b6 11. Qd2 Bb7 12. f4 Rfd8 13. g4 d5 14. exd5 exd5 15.
Nxd5 Nxd5 16. Bxd5 Nb4 17. Bxb7 Qxb7 18. Nc1 Rd7 19. a3 Nxd3 20. Nxd3 Rad8 21.
Rad1 Rxd3 22. Qxd3 Rxd3 23. Rxd3 Qe4 24. Rfd1 h5 25. b3 hxg4 26. hxg4 Bh4 27.
R1d2 b5 28. g5 bxc4 29. bxc4 f6 30. Bxc5 fxg5 31. Rd8+ Kh7 32. Bf2 Bxf2+ 33.
Rxf2 gxf4 34. Rh2+ Kg6 35. Rg2+ Kf6 36. Rd6+ Kf5 37. Rd5+ Kf6 38. Rd6+ Kf5 39.
Rxg7 Qb1+ 40. Kh2 Qa2+ 41. Rg2 Qxc4 42. Rh6 Qa4 43. Rh3 Qc4 0-1

[Event "Obert Figueres Miquel Mas 2011"]
[Site "Figueres ESP"]
[Date "2011.08.14"]
[Round "4.15"]
[White "Balague Camps, Marc"]
[Black "Loubet, Jean-Pierre"]
[Result "1-0"]
[WhiteElo "2119"]
[BlackElo "1713"]
[PlyCount "61"]
[EventDate "2011.08.11"]
[EventType "swiss"]
[EventRounds "9"]
[EventCountry "ESP"]
[Source "lmi"]
[SourceDate "2011.08.11"]

1. Nf3 e6 2. c4 Nf6 3. e3 d5 4. Nc3 a6 5. b3 Bd6 6. Qc2 dxc4 7. bxc4 O-O 8. Bb2
Nc6 9. d4 Bb4 10. Bd3 Re8 11. Rd1 Ne7 12. O-O Nf5 13. Ne5 c5 14. d5 Qc7 15. Nf3
Nd6 16. dxe6 Bxe6 17. Nd5 Bxd5 18. cxd5 Nfe4 19. Be5 h6 20. Bxe4 Rxe5 21. Nxe5
Nxe4 22. Qxe4 Re8 23. d6 Qd8 24. Qxb7 Rxe5 25. d7 Ba5 26. Qxa6 Bc7 27. Qb7 Ba5
28. Rd5 Rxd5 29. Qxd5 Qe7 30. Rd1 Bc7 31. d8=Q+ 1-0

[Event "Obert Figueres Miquel Mas 2011"]
[Site "Figueres ESP"]
[Date "2011.08.14"]
[Round "4.16"]
[White "Vidal Zamora, Alex"]
[Black "Romero Isado, Jose Luis"]
[Result "1-0"]
[WhiteElo "2112"]
[BlackElo "1693"]
[PlyCount "111"]
[EventDate "2011.08.11"]
[EventType "swiss"]
[EventRounds "9"]
[EventCountry "ESP"]
[Source "lmi"]
[SourceDate "2011.08.11"]

1. e4 e5 2. Nf3 Nc6 3. Bb5 a6 4. Ba4 Nf6 5. O-O Be7 6. Re1 b5 7. Bb3 d6 8. h3
Na5 9. c3 Nxb3 10. Qxb3 O-O 11. d4 exd4 12. cxd4 Bb7 13. Nc3 c5 14. d5 b4 15.
Nd1 Re8 16. Qc2 Bf8 17. Bg5 h6 18. Bh4 g5 19. Bg3 Bg7 20. Re3 g4 21. Nd2 Qd7
22. Nc4 gxh3 23. Nxd6 hxg2 24. Qxc5 Qh3 25. Bh2 Qh4 26. Kxg2 Nxe4 27. Nxe4 Rxe4
28. Bg3 Rc4 29. Bxh4 Rxc5 30. Rg3 Rxd5 31. Kf1 Kh7 32. Ne3 Rh5 33. Rc1 Be5 34.
Rc5 f6 35. f4 Rxh4 36. fxe5 Rc8 37. Rxc8 Bxc8 38. Nd5 h5 39. Nxf6+ Kh6 40. Ng8+
Kh7 41. Ne7 Rf4+ 42. Kg2 Bb7+ 43. Kh3 Rf3 44. Rxf3 Bxf3 45. Kg3 Bb7 46. Kh4 Kg7
47. Kg5 Kf7 48. Nf5 Ke6 49. Kf4 Bd5 50. a3 bxa3 51. bxa3 Kd7 52. Ng7 Kc6 53.
Nxh5 Kb5 54. Nf6 Be6 55. Ne4 Ba2 56. Nc3+ 1-0